| 000 | 01055nam0a22002651 4500 | ||
|---|---|---|---|
| 001 | rc\4089906 | ||
| 005 | 20250611085117.0 | ||
| 021 |
_aRU _b[52-1959] |
||
| 035 | _a(NLR Aleph) 008131578 | ||
| 090 |
_a9427273 _c9427273 |
||
| 100 | _a20130415d1951 |||y0rusy50 ca | ||
| 101 | 0 | _arus | |
| 102 | _aRU | ||
| 105 | _ay z ||||| | ||
| 200 | 1 |
_aНаш опыт получения высоких урожаев кормовых корнеплодов _e[Колхоз "Красная звезда" Кингисепп. района |
|
| 210 |
_aЛенинград] _cЛениздат _d1951 |
||
| 215 |
_a8 с. _d17 |
||
| 225 | 1 | _aК Совещанию председателей колхозов Ленинградской области | |
| 606 |
_aКорнеплоды кормовые _xВозделывание _xОпыт передовиков _yЛенинградская область _2psbo |
||
| 700 | 1 |
_aПривалов _bМ.П. |
|
| 801 | 0 |
_aRU _bNLR _gpsbo |
|
| 801 | 1 |
_aRU _bELAR _2rusmarc |
|
| 852 |
_aNLR _jС50 Г-2/888 |
||
| 942 | _cBOOK | ||
| 980 | _aNB | ||